Entry Nombre personal
Number of records used in: 146
001 - NÚMERO DE CONTROL
- campo de control: 37336
003 - IDENTIFICADOR DE NÚMERO DE CONTROL
- campo de control: SpMaBN
005 - FECHA Y HORA DE LA ÚLTIMA TRANSACCIÓN
- campo de control: 20250712031540.0
008 - ELEMENTOS DE DATO DE LONGITUD-FIJA
- campo de control de longitud fija: 901120n| aijnnaabn a aaa
016 ## - NÚMERO DE CONTROL DE UNA AGENCIA BIBLIOGRÁFICA NACIONAL
- Número de control del registro: BNE19900041106
024 7# - IDENTIFICADOR DE OTROS ESTÁNDARES
- Número estándar o código: http://viaf.org/viaf/14767431/
- Fuente: viaf
024 8# - IDENTIFICADOR DE OTROS ESTÁNDARES
- Número estándar o código: https://data.cervantesvirtual.com/person/2949
024 7# - IDENTIFICADOR DE OTROS ESTÁNDARES
- Número estándar o código: https://isni.org/isni/0000000121213855
- Fuente: isni
024 7# - IDENTIFICADOR DE OTROS ESTÁNDARES
- Número estándar o código: http://www.wikidata.org/entity/Q132589
- Fuente: wikidata
040 ## - FUENTE DE CATALOGACIÓN
- Centro catalogador/agencia de origen: SpMaBN
- Lengua de catalogación: spa
- Centro/agencia transcriptor: SpMaBN
- Normas de descripción: rdc
- Convención/Normas de encabezamiento de materia/tesauro: embne
046 ## - FECHAS CON CODIFICACIÓN ESPECIAL
- Fecha de nacimiento: 1916
- Fecha de la muerte: 2002
100 1# - ENCABEZAMIENTO-NOMBRE DE PERSONA
- Nombre de persona: Cela, Camilo José,
- Fechas asociadas al nombre: 1916-2002
368 ## - OTROS ATRIBUTOS DE PERSONA O ENTIDAD CORPORATIVA
- Otra designación: Premio Cervantes
- Otra designación: (1995)
370 ## - LUGAR ASOCIADO
- Lugar de nacimiento: Padrón, La Coruña, España
- Fuente del término: embne
- Fuente de información: (Wikidata)
- Número de control del registro de autoridad o número normalizado: XX451772
370 ## - LUGAR ASOCIADO
- Lugar de fallecimiento: Madrid, España
- Fuente del término: embne
372 ## - CAMPO DE ACTIVIDAD
- Campo de actividad: Literatura Española
- Fuente de información: (Dialnet)
372 ## - CAMPO DE ACTIVIDAD
- Campo de actividad: Novelas
- Campo de actividad: Cuentos
- Campo de actividad: Ensayos
- Campo de actividad: Teatro
- Campo de actividad: Poesías
- Campo de actividad: Libros de viajes
- Fuente del término: tgfbne
372 ## - CAMPO DE ACTIVIDAD
- Campo de actividad: Periodismo
- Fuente del término: embne
373 ## - GRUPO ASOCIADO
- Grupo asociado: Real Academia Gallega
- Grupo asociado: Real Academia Española
- Grupo asociado: Colegio de Patafísica
- Fuente de información: Wikidata
374 ## - OCUPACIÓN
- Ocupación: Escritores
- Ocupación: Editores
- Ocupación: Periodistas
- Fuente del término: embne
375 ## - GÉNERO/SEXO
- Género: Masculino
377 ## - IDIOMA ASOCIADO
- Código del idioma: spa
- Término de lengua/lenguaje: Español
400 1# - TRAZADO DE VÉASE--NOMBRE DE PERSONA
- Nombre de persona: Cela Trulock, Camilo José,
- Fechas asociadas al nombre: 1916-2002
400 1# - TRAZADO DE VÉASE--NOMBRE DE PERSONA
- Nombre de persona: Tila, Kamilu Jusi,
- Fechas asociadas al nombre: 1916-2002
670 ## - FUENTE DE DATOS ENCONTRADOS
- Cita de la fuente: La colmena, 1984
- Información encontrada: port. (Camilo José Cela)
670 ## - FUENTE DE DATOS ENCONTRADOS
- Cita de la fuente: Dic. de literatura española e hispanoamericana, 1993
- Información encontrada: (Cela Trulock, Camilo José; n. 1916, Iria Flavia (La Coruña); premio Nobel en 1989)
670 ## - FUENTE DE DATOS ENCONTRADOS
- Cita de la fuente: `A'ilat Baskuwal Duwart, 2000
- Información encontrada: port. (Kamilu Jusi Tila)
670 ## - FUENTE DE DATOS ENCONTRADOS
- Cita de la fuente: WWW El Mundo, 17-1-2002
- Información encontrada: (Camilo José Cela; n. mayo 1916, Iria Flavia, m. 17-1-2002, Madrid)
856 4# - LOCALIZACIÓN Y ACCESO ELECTRÓNICOS
- Identificador Uniforme de Recursos: http://es.wikipedia.org/wiki/Camilo_José_Cela
856 4# - LOCALIZACIÓN Y ACCESO ELECTRÓNICOS
- Identificador Uniforme de Recursos: http://dialnet.unirioja.es/servlet/autor?codigo=3169679
